000 01132nam a2200313 a 4500
001 000113832
003 CHAP
005 20220329144415.0
008 170928s2017 mx sm |||||||spa d
010 _a110293
011 _a111265
040 _cCHAP
090 _aTesis
100 1 _aOrtiz Heredia, María Angélica
_9125980
245 1 0 _aUso de modificadores de la fermentación ruminal en la finalización de corderos
_h[En línea]
_cpor María Angélica Ortiz Heredia.
260 _aChapingo, Méx. :
_bEl autor,
_c2017.
500 _aPara ver el contenido del material haga clic en la liga
502 _aTesis (M.C. en Inovación Ganadera) -- UACH. Departamento de Zootecnia
590 _aE6339RRR
_b05
_c20170928
_lUCH01
_h1420
590 _aE6339RRR
_b05
_c20170928
_lUCH01
_h1421
590 _aE6339RRR
_b05
_c20170928
_lUCH01
_h1423
650 1 4 _aDigestión ruminal.
_932568
650 1 4 _aGanado lanar
_xAlimentación.
_945153
650 1 4 _aGanado lanar
_xNutrientes minerales.
_9131944
856 _aFinding aid
_uhttp://10.13.5.2/tesis/sist113832.pdf
_zTeclea aquí
901 _aBK
942 _cTESIS
942 _n0
999 _c110293
_d110293